<?xml version="1.0" encoding="UTF-8"?>
<record
    xmlns:xsi="http://www.w3.org/2001/XMLSchema-instance"
    xsi:schemaLocation="http://www.loc.gov/MARC21/slim http://www.loc.gov/standards/marcxml/schema/MARC21slim.xsd"
    xmlns="http://www.loc.gov/MARC21/slim">

  <leader>00672nam a2200181Ia 4500</leader>
  <controlfield tag="008">090123s9999    xx            000 0 und d</controlfield>
  <datafield tag="082" ind1=" " ind2=" ">
    <subfield code="b">35406</subfield>
  </datafield>
  <datafield tag="100" ind1=" " ind2=" ">
    <subfield code="a">&#x924;&#x933;&#x935;&#x932;&#x915;&#x930; &#x917;&#x94B;&#x935;&#x93F;&#x902;&#x926; &#x936;&#x94D;&#x930;&#x940;&#x92A;&#x93E;&#x926;</subfield>
  </datafield>
  <datafield tag="245" ind1=" " ind2=" ">
    <subfield code="a">&#x928;&#x947;&#x915; &#x928;&#x93E;&#x92E;&#x926;&#x93E;&#x930; &#x917;&#x94B;&#x916;&#x932;&#x947;</subfield>
  </datafield>
  <datafield tag="250" ind1=" " ind2=" ">
    <subfield code="a">0</subfield>
  </datafield>
  <datafield tag="260" ind1=" " ind2=" ">
    <subfield code="b">&#x92A;&#x94D;&#x930;&#x947;&#x938;&#x94D;&#x91F;&#x940;&#x91C; &#x92A;&#x94D;&#x930;&#x915;&#x93E;&#x936;&#x928;</subfield>
    <subfield code="c">2003</subfield>
  </datafield>
  <datafield tag="300" ind1=" " ind2=" ">
    <subfield code="a">592</subfield>
  </datafield>
  <datafield tag="600" ind1=" " ind2=" ">
    <subfield code="a">&#x924;&#x933;&#x935;&#x932;&#x915;&#x930; &#x917;&#x94B;&#x935;&#x93F;&#x902;&#x926; &#x936;&#x94D;&#x930;&#x940;&#x92A;&#x93E;&#x926;</subfield>
  </datafield>
  <datafield tag="630" ind1=" " ind2=" ">
    <subfield code="a">&#x928;&#x947;&#x915; &#x928;&#x93E;&#x92E;&#x926;&#x93E;&#x930; &#x917;&#x94B;&#x916;&#x932;&#x947;</subfield>
  </datafield>
  <datafield tag="700" ind1=" " ind2=" ">
    <subfield code="a">&#x924;&#x933;&#x935;&#x932;&#x915;&#x930; &#x917;&#x94B;&#x935;&#x93F;&#x902;&#x926; &#x936;&#x94D;&#x930;&#x940;&#x92A;&#x93E;&#x926;</subfield>
  </datafield>
  <datafield tag="730" ind1=" " ind2=" ">
    <subfield code="a">&#x928;&#x947;&#x915; &#x928;&#x93E;&#x92E;&#x926;&#x93E;&#x930; &#x917;&#x94B;&#x916;&#x932;&#x947;</subfield>
  </datafield>
  <datafield tag="942" ind1=" " ind2=" ">
    <subfield code="c">BOOK</subfield>
  </datafield>
  <datafield tag="999" ind1=" " ind2=" ">
    <subfield code="c">73473</subfield>
    <subfield code="d">73473</subfield>
  </datafield>
  <datafield tag="952" ind1=" " ind2=" ">
    <subfield code="0">0</subfield>
    <subfield code="1">0</subfield>
    <subfield code="4">0</subfield>
    <subfield code="7">0</subfield>
    <subfield code="a">KALWAJAWAH</subfield>
    <subfield code="b">KALWAJAWAH</subfield>
    <subfield code="d">2003-07-21</subfield>
    <subfield code="g">500.00</subfield>
    <subfield code="l">0</subfield>
    <subfield code="o">35406</subfield>
    <subfield code="p">KLW-35406</subfield>
    <subfield code="r">2009-01-23 00:00:00</subfield>
    <subfield code="v">500.00</subfield>
    <subfield code="w">2009-01-23</subfield>
    <subfield code="y">BOOK</subfield>
  </datafield>
</record>
